Responses for Show #4666 - Monday, December 13, 2004

Contestants

[<< previous game]

David Davalos, a playwright from New York, New York

Snow Tempest, a writer from Los Angeles, California

Robert Bowsher, a software engineer from Hilliard, Ohio (whose 1-day cash winnings total $6,399)

[next game >>]

Jeopardy! Round responses

JOURNALISM
PEOPLE ON THE MAP
THE LIBERTY BELL
DON WE NOW OUR GUY APPAREL
PRESIDENTIAL MIDDLE NAMES
RHYME TIME
    $200 1
headline

Robert
    $200 7
Irving Berlin

David
    $200 18
the clapper

Robert
    $200 16
neck size and sleeve length

Robert
    $200 22
Taft

Snow
    $200 3
teepee

Robert
    $400 2
a scoop

David
    $400 12
Kobe Bryant

Robert
    $400 24
(Robert: What is Exodus?)

Leviticus

RobertDavid
    $400 17
shorts

David
    $400 23
Ulysses S. Grant

Robert
    $400 8
Hop on Pop

Snow
    $600 4
a beat

Robert
    $600 13
Morey Amsterdam

David
    $600 28
the half-dollar

Robert
    $600 19
cummerbund

Robert
    $600 25
Warren Harding

Robert
    $600 9
Shake 'n Bake

Robert
    $800 5
the sources

Robert
    $800 14
Jack London

Robert
    $800 29
N

Triple Stumper
    $800 20
[ERRATUM: The interpretation of the word as deriving from corde du roi is a false etymology. Duroy was a coarse woollen cloth made in England in the 18th century.]

corduroy

Robert
    $800 26
(David: Who is Garfield?)

(James K.) Polk

SnowDavid
    $800 10
a chill pill

Robert
    $1000 6
the lead

Robert
    $1000 15
Michael York

Robert
    $1000 30
Chicago

David
    $1000 21
(Federico GarcĂ­a) Lorca

David
    $2,400 27
(Snow: Who is Reagan?)

Gerald Ford

Snow
    $1000 11
Wi-Fi

Snow

Scores at the first commercial break (after clue 15):

Robert Snow David
$6,400 $1,400 $1,200

Scores at the end of the Jeopardy! Round:

Robert Snow David
$9,400 $0 $3,200

Double Jeopardy! Round responses

THE OSCARS
MAYBE YOU HAVE TO BE A NUCLEAR PHYSICIST
THE VEGETABLE GARDEN
I CAN SEE YOUR HOUSE FROM HERE!
18th CENTURY QUOTES
WHERE DO YOU GET "OFF"?
    $400 16
Meryl Streep

David
    $400 3
helium

Robert
    $400 1
cucumbers

Snow
    $400 30
Caracas

Snow
    $400 11
invent him

Snow
    $400 21
An Officer and a Gentleman

Robert
    $800 17
Ordinary People

Robert
    $800 4
electrons

Snow
    $800 2
snap bean

Robert
    $800 29
Vancouver

Robert
    $800 12
Common Sense

Robert
    $800 22
off-track betting

David
    $1200 18
Marty

David
    $1200 6
(Snow: What are gamma rays?)
[Originally ruled incorrect]

cosmic rays

RobertSnow
    $1200 5
the bulb

Robert
    $3,000 26
(David: Boy, um...)
(Alex: Give me anything.)
(David, What is, uh, what is Lexington, Kentucky?)

Birmingham, Alabama

David
    $1200 13
The Wealth of Nations

David
    $1200 23
offset printing

Robert
    $1600 19
Greer Garson

Snow
    $1600 7
fusion

Robert
    $1600 9
root vegetables

Snow
    $1600 28
(Robert: What is the Temple Mountain?)
(Snow: What is Mount Sinai?)

the Mount of Olives

RobertSnowDavid
    $1600 14
(David: What is neither?)
(Snow: What is depends on who you ask?)

A republic, if you can keep it

SnowDavid
Triple Stumper
    $1600 24
(Alex: But you never laugh at the IRS.)

offshore

David
    $1,800 20
(Snow: Um, who is Lauren Bacall?)
...
(Alex: Remember the little old lady who used to sneak on these planes?)

Helen Hayes

Snow
    $2000 8
(David: What's a bond?)
(Alex: Hmm, no.)

binding

SnowDavid
    $2000 10
a tomato

Robert
    $2000 27
Corcovado

Triple Stumper
    $2000 15
Frederick the Great

Robert
    $2000 25
the offing

David

Scores at the end of the Double Jeopardy! Round:

Robert Snow David
$21,000 $3,400 $5,400
(lock game)

[wagering suggestions for these scores]

Final Jeopardy! Round responses

BUSINESS HISTORY
(Alex: There are a few responses that would come to mind. Starsky and Hutch would be one, but it would be incorrect, of course.)
SnowWhat are Archer and Daniels?
$400
DavidWhat Johnson & Johnson?
$1,401
RobertWhat are Rolls & Royce?
$6,000
Rolls and Royce

Final scores:

Robert Snow David
$27,000 $3,000 $3,999
2-day champion: $33,399 3rd place: $1,000 2nd place: $2,000

Game dynamics:

Coryat scores:

Robert Snow David
$21,000 $7,600 $8,400
29 R,
2 W
12 R,
4 W
(including 2 DDs)
14 R,
4 W
(including 1 DD)

Combined Coryat: $37,000

[game clues] [game scores] [suggest correction]

Game tape date: 2004-09-13
The J! Archive is created by fans, for fans. Scraping, republication, monetization, and malicious use prohibited; this site may use cookies and collect identifying information. See terms. The Jeopardy! game show and all elements thereof, including but not limited to copyright and trademark thereto, are the property of Jeopardy Productions, Inc. and are protected under law. This website is not affiliated with, sponsored by, or operated by Jeopardy Productions, Inc. Join the discussion at JBoard.tv.